223系の編成番号 - Statistics

General Stats
  • This quiz has been taken 33 times
    11 since last reset
  • The average score is 103 of 197
Answer Stats
Answer % Correct
F1
71%
F10
71%
F11
71%
F12
71%
F13
71%
F14
71%
F15
71%
F16
71%
F2
71%
F3
71%
F4
71%
F5
71%
F6
71%
F7
71%
F8
71%
F9
71%
V1
71%
V2
71%
V20
71%
V3
71%
V4
71%
W1
71%
W10
71%
W11
71%
W12
71%
W13
71%
W14
71%
W15
71%
W16
71%
W17
71%
W18
71%
W19
71%
W2
71%
W20
71%
W21
71%
W22
71%
W23
71%
W24
71%
W25
71%
W26
71%
W27
71%
W28
71%
W29
71%
W3
71%
W30
71%
W31
71%
W32
71%
W33
71%
W34
71%
W35
71%
W36
71%
W37
71%
W38
71%
W39
71%
W4
71%
W5
71%
W6
71%
W7
71%
W8
71%
W9
71%
J1
57%
J10
57%
J11
57%
J12
57%
J2
57%
J3
57%
J4
57%
J5
57%
J6
57%
J7
57%
J8
57%
J9
57%
V10
57%
V11
57%
V12
57%
V13
57%
V14
57%
V15
57%
V16
57%
V17
57%
V18
57%
V19
57%
V21
57%
V22
57%
V23
57%
V24
57%
V25
57%
V26
57%
V27
57%
V28
57%
V29
57%
V30
57%
V31
57%
V32
57%
V33
57%
V34
57%
V35
57%
V36
57%
V37
57%
V38
57%
V39
57%
V40
57%
V41
57%
V42
57%
V43
57%
V44
57%
V45
57%
V46
57%
V47
57%
V48
57%
V49
57%
V5
57%
V50
57%
V51
57%
V52
57%
V53
57%
V54
57%
V6
57%
V7
57%
V8
57%
V9
57%
HE401
43%
HE430
43%
HE431
43%
HE432
43%
P1
43%
P2
43%
P3
43%
P4
43%
P5
43%
P6
43%
P7
43%
R201
43%
R202
43%
R203
43%
R204
43%
R205
43%
R206
43%
R207
43%
R208
43%
R209
43%
V59
43%
V60
43%
V61
43%
V62
43%
V63
43%
HE402
29%
HE403
29%
HE404
29%
HE405
29%
HE406
29%
HE407
29%
HE408
29%
HE409
29%
HE410
29%
HE411
29%
HE412
29%
HE413
29%
HE414
29%
HE415
29%
HE416
29%
HE417
29%
HE418
29%
HE422
29%
HE423
29%
HE426
29%
HE427
29%
HE428
29%
HE429
29%
MA10
29%
MA11
29%
MA12
29%
MA13
29%
MA14
29%
MA15
29%
MA16
29%
MA17
29%
MA18
29%
MA19
29%
MA20
29%
MA21
29%
MA22
29%
R01
29%
R02
29%
R03
29%
R04
29%
R05
29%
RS51
29%
RS52
29%
RS53
29%
RS54
29%
RS55
29%
RS56
29%
RS57
29%
RS58
29%
P01
14%
P02
14%
No matching quizzes found
Score Distribution
Percent of People with Each Score
Percentile by Number Answered
Your Score History
You have not taken this quiz since the last reset